000 01121nab a22002657a 4500
999 _c6045
_d6045
003 OSt
005 20260118214848.0
008 190605e xxu||||| |||| 00| 0 spa d
040 _cPJ
100 _94574
_aGabet, Emiliano A.
245 1 0 _aReparación integral del daño moral por violencia laboral /
_cEmiliano A. Gabet.
260 _aCiudad Autónoma de Buenos Aires :
_bThomson Reuters La Ley,
_c2025.
300 _ap. 128-130
500 _aCita: TR LALEY AR/DOC/2672/2025.
505 _aFallo comentado: CNTrab., sala II ~ 09/09/2025 ~ R., D. H. c. LYM MG S.A. y otro s/ despido.
505 _t¿Te interesa el texto completo? Solicitalo al correo: koha@justierradelfuego.gov.ar
650 0 _91316
_aDERECHO LABORAL
650 0 _95130
_aVIOLENCIA LABORAL
650 0 _93328
_aDAÑO PSÍQUICO
650 0 _aDISCRIMINACION LABORAL
_91577
650 0 _aRESPONSABILIDAD DEL EMPLEADOR
_96564
650 0 _aDERECHOS DEL TRABAJADOR
_91570
773 0 _02711
_93168
_dCiudad Autónoma de Buenos Aires : Thomson Reuters La Ley, 1999-2002.
_tRevista de derecho del trabajo. Nº 6 - Noviembre 2025
942 _2udc
_cANA